| 000 | 00589cab a2200205 4500 | ||
|---|---|---|---|
| 001 | X1263 | ||
| 008 | 090401t1990 xxu||||| |||| 00| 0 eng d | ||
| 035 | _a(Sirsi) u15880 | ||
| 041 | _aeng | ||
| 100 | _aPearce, H. | ||
| 245 | _aPeter Wilson profile | ||
| 260 | _c1990 | ||
| 350 | _a0 | ||
| 490 |
_aEstates Gazette _v9036 8 September 1990, 20-21(2) |
||
| 520 | _aA profile of Peter Wilson, the last of three generations of his family to control publication of the Estates Gazette. | ||
| 650 | _aWILSON PETER | ||
| 690 | _aECONOMIC AND SOCIAL | ||
| 942 | _n0 | ||
| 948 | _c04/03/1997 | ||
| 999 |
_c10454 _d10454 |
||